000 00254 a2200085 4500
020 _a978-3887783938
100 _a Altes Lieberman
245 _aIntravention, Durations, Effects: Notes of Expansive Sites and Relational Architectures
260 _bSpurbuchverlag
999 _c13579
_d13579